| 000 | 00694nam a2200241 a 4500 | ||
|---|---|---|---|
| 005 | 20140310183519.0 | ||
| 008 | 110720s19uu xx 00 eng d | ||
| 020 | _a0071088601 | ||
| 050 |
_aHD 30.28 _b.T468 2010 |
||
| 100 | _aThompson, Arhtur A. Jr. | ||
| 245 |
_aCrafting and executing strategy : _btext and reading / _cArthur A. Thompson Jr. |
||
| 250 | _a17th ed. | ||
| 260 |
_aNew York : _bMcGraw-Hill/Irwin, _c2010. |
||
| 300 |
_a563 p. : _c27 cm. |
||
| 500 | _aIncludes index. | ||
| 521 | _aBSBA | ||
| 650 | _aStrategic planning. | ||
| 650 | _aBusiness planning. | ||
| 700 | _aStrickland III, A. J. | ||
| 700 | _aGamble, John E. | ||
| 942 |
_cBK _2lcc _kFOR |
||
| 999 |
_c24375 _d24375 |
||